Normal view MARC view
  • Novela francesa

Entry Materia

Number of records used in: 20

001 - NÚMERO DE CONTROL DEL REGISTRO

  • campo de control: 14816

003 - IDENTIFICADOR DE NUMERO DE CONTROL

  • campo de control: MX-MxUPN

005 - FECHA Y HORA DE LA ÚLTIMA TRANSACCIÓN

  • campo de control: 20220525155220.0

008 - DATOS DE LONGITUD FIJA

  • campo de control de longitud fija: 220525n||acnnnbabn | a|a |d

035 ## - NÚMERO DE CONTROL DEL SISTEMA

  • Número de control del sistema: UPN10000014824

040 ## - FUENTE DE LA CATALOGACIÓN

  • Centro catalogador de origen: MX-MxUPN
  • Lengua de catalogación: spa
  • Agencia de transcripción: MX-MxUPN

046 ## - FECHAS CON CODIFICACIÓN ESPECIAL

  • Fecha final para contenidos agregados: 0

150 ## - ENCABEZAMIENTO - TEMÁTICO

  • Término de materia o nombre geográfico como elemento inicial: Novela francesa
  • Subdivisión cronológica: Siglo XX

670 ## - FUENTE EN LA QUE SE LOCALIZARON DATOS

  • Cita de la fuente: DGB UNAM Catálogo de autoridades, consultado 25 mayo 2022:
  • Información localizada: (Novela francesa -- Siglo XX)

902 ## - CATALOGADOR

  • Catalogador: JMG/020397

902 ## - CATALOGADOR

  • Catalogador: VRC/250522